| 000 -LEADER |
| fixed length control field |
00575cam a2200205 a 4500 |
| 001 - CONTROL NUMBER |
| control field |
14066 |
| 003 - CONTROL NUMBER IDENTIFIER |
| control field |
BD-DhUAP |
| 005 - DATE AND TIME OF LATEST TRANSACTION |
| control field |
20200203144824.0 |
| 008 - FIXED-LENGTH DATA ELEMENTS--GENERAL INFORMATION |
| fixed length control field |
200203s ii a bl 010 0 eng |
| 040 ## - CATALOGING SOURCE |
| Original cataloging agency |
BD-DhUAP |
| Transcribing agency |
BD-DhUAP |
| Modifying agency |
BD-DhUAP |
| Language of cataloging |
Eng |
| 082 ## - DEWEY DECIMAL CLASSIFICATION NUMBER |
| Edition number |
23 |
| Classification number |
342.73 IQB |
| 100 ## - MAIN ENTRY--PERSONAL NAME |
| Personal name |
Iqbal, Nadeema. |
| 245 ## - TITLE STATEMENT |
| Title |
The constitution of U.S.A. / |
| Statement of responsibility, etc. |
Nadeema Iqbal. |
| 260 ## - PUBLICATION, DISTRIBUTION, ETC. |
| Place of publication, distribution, etc. |
Lahore : |
| Name of publisher, distributor, etc. |
Imran law book, |
| Date of publication, distribution, etc. |
[...?] |
| 300 ## - PHYSICAL DESCRIPTION |
| Extent |
159 pages ; |
| Dimensions |
24 cm. |
| 490 ## - SERIES STATEMENT |
| Series statement |
Imran law series. |
| 500 ## - GENERAL NOTE |
| General note |
Includes index. |
| 650 ## - SUBJECT ADDED ENTRY--TOPICAL TERM |
| Topical term or geographic name entry element |
Constitutional law |
| Geographic subdivision |
United States. |
| 942 ## - ADDED ENTRY ELEMENTS (KOHA) |
| Source of classification or shelving scheme |
|
| Koha item type |
Book |